Prima Lettera delle Città Britanniche II - Statistics

Statistiche generali
  • Questo quiz è stato fatto 53 volte
  • Il punteggio medio è 17 su 23
Statistiche sulle risposte
Hint Risposta % Corretto
_ambridge C
100%
_xford O
98%
_outhampton S
98%
_erby D
96%
_eeds L
94%
_ewport N
94%
_ohnstone J
92%
_ortsmouth P
92%
_ingswood K
88%
_radford B
86%
_olverhampton W
86%
_eading R
82%
_xeter E
78%
_nverness I
78%
_iewpark V
73%
_ilton Keyness M
67%
_olkestone F
63%
_uddersfield H
55%
_ateshead G
53%
_ldershot A
45%
_eovil Y
37%
_amworth T
33%
_ckfield U
29%
Nessun quiz corrispondente trovato
Distribuzione punteggi
Percentuale di utenti per punteggio
Percentile per numero di risposta
I tuoi punteggi nel tempo
Non hai fatto questo quiz